[Event "Barcelona Sant Marti op-B 16th"]
[Site "Barcelona"]
[Date "2014.07.21"]
[Round "9"]
[White "Volart Buil, Jordi"]
[Black "Carrey Abellan, Enric"]
[Result "0-1"]
[WhiteElo "1943"]
[BlackElo "1991"]
[PlyCount "120"]
[EventDate "2014.07.13"]
[EventType "swiss"]
[EventRounds "9"]
[EventCountry "ESP"]
[SourceTitle "CBM 161 Extra"]
[Source "ChessBase"]
[SourceDate "2014.08.29"]
[SourceVersion "1"]
[SourceVersionDate "2014.08.29"]
[SourceQuality "1"]

1. d4 Nf6 2. c4 c5 3. d5 b5 4. Nd2 g6 5. e4 d6 6. cxb5 Bg7 7. f3 a6 8. bxa6 0-0 9. Bc4 Nbd7 10. Ne2 Ne5 11. Qc2 Qa5 12. 0-0 Nfd7 13. a4 Bxa6 14. Bxa6 Qxa6 15. Nb1 Rfb8 16. Nbc3 Nd3 17. Rb1 N7e5 18. Nb5 Qxa4 19. Qxa4 Rxa4 20. Nec3 Rb4 21. b3 c4 22. Ba3 Rxb3 23. Rxb3 cxb3 24. Rb1 Nc4 25. Rxb3 Nd2 26. Bxd6 exd6 27. Ra3 Rc8 28. h3 Nc4 29. Ra6 Be5 30. g3 Bxg3 31. Rc6 Nb6 32. Kg2 Rxc6 33. dxc6 Be5 34. Nd5 Nc8 35. Kf1 Nf4 36. h4 Kf8 37. Kf2 h5 38. Na3 Nxd5 39. exd5 Ke7 40. Nc4 Bd4+ 41. Kg3 Nb6 42. c7 Kd7 43. c8Q+ Nxc8 44. Kf4 f6 45. Nd2 Ne7 46. Ke4 Bf2 47. f4 Bxh4 48. Nf3 Bf2 49. Nd2 Nf5 50. Kf3 Bd4 51. Ke4 h4 52. Nf3 Bc5 53. Nh2 Ke7 54. Kf3 Kf7 55. Nf1 Kg7 56. Nd2 Ne3 57. Ke4 h3 58. Kf3 Nxd5 59. Nf1 Bg1 60. Ng3 Bh2 0-1

[Event "Barcelona Sant Marti op-B 16th"]
[Site "Barcelona"]
[Date "2014.07.19"]
[Round "7"]
[White "Garcia Ruiz, Adrian"]
[Black "Carrey Abellan, Enric"]
[Result "1/2-1/2"]
[WhiteElo "2023"]
[BlackElo "1991"]
[PlyCount "105"]
[EventDate "2014.07.13"]
[EventType "swiss"]
[EventRounds "9"]
[EventCountry "ESP"]
[SourceTitle "CBM 161 Extra"]
[Source "ChessBase"]
[SourceDate "2014.08.29"]
[SourceVersion "1"]
[SourceVersionDate "2014.08.29"]
[SourceQuality "1"]

1. e4 c5 2. Nf3 e6 3. d4 cxd4 4. Nxd4 a6 5. Nc3 Qc7 6. Bd3 b5 7. Qe2 d6 8. 0-0 Nf6 9. Kh1 Be7 10. f4 0-0 11. Qf3 Bb7 12. a3 Nbd7 13. Be3 Nc5 14. Rad1 Rac8 15. Nb3 Nxb3 16. cxb3 d5 17. Bd4 dxe4 18. Nxe4 Rfd8 19. Bxf6 gxf6 20. Qh3 Bxe4 21. Bxe4 f5 22. Bd3 Bf6 23. Qh5 Rd4 24. Rf3 Qd6 25. Rh3 Kf8 26. Re3 Qxf4 27. Qf3 Qd6 28. Be2 Rxd1+ 29. Bxd1 Rd8 30. Be2 Qc5 31. g4 Bd4 32. Rd3 fxg4 33. Qxg4 Qc1+ 34. Kg2 Qxb2 35. a4 bxa4 36. bxa4 Qa1 37. a5 Qg1+ 38. Kh3 Qxg4+ 39. Kxg4 Bf6 40. Rxd8+ Bxd8 41. Bxa6 Bxa5 42. Bd3 Kg7 43. h3 h6 44. Kf4 Kf6 45. Ke4 Kg5 46. Bc4 Bc3 47. Kd3 Bb2 48. Ke4 Kh4 49. Bf1 f6 50. Kf4 Bc1+ 51. Ke4 Kg5 52. Bc4 e5 53. Be6 1/2-1/2

[Event "Barcelona Ateneu Colon op 7th"]
[Site "Barcelona"]
[Date "2012.03.21"]
[Round "2"]
[White "Carrey Abellan, Enric"]
[Black "Perez Mitjans, Orelvis"]
[Result "0-1"]
[WhiteElo "1948"]
[BlackElo "2482"]
[PlyCount "58"]
[EventDate "2012.03.14"]
[EventType "swiss"]
[EventRounds "9"]
[EventCountry "ESP"]
[SourceTitle "EXT 2013"]
[Source "ChessBase"]
[SourceDate "2012.11.22"]
[SourceVersion "1"]
[SourceVersionDate "2012.11.22"]
[SourceQuality "1"]

1. d4 d5 2. Nf3 Nc6 3. c4 Bg4 4. e3 e5 5. cxd5 Qxd5 6. Nc3 Bb4 7. Be2 Bxf3 8. Bxf3 e4 9. Be2 Nf6 10. 0-0 Qg5 11. Qb3 0-0-0 12. a3 Bd6 13. Nb5 h5 14. Nxd6+ Rxd6 15. f4 Qf5 16. Bd2 g5 17. fxg5 Qxg5 18. Rf2 Rg8 19. Kh1 Nd5 20. Rg1 h4 21. Qd1 f5 22. Qc1 Nce7 23. Bc4 Rc6 24. Qf1 f4 25. exf4 Qh5 26. Bb4 Nf5 27. g4 hxg3 28. Rfg2 Rh8 29. Qe2 Rxc4 0-1

[Event "Barcelona Ateneu Colon op 6th"]
[Site "Barcelona"]
[Date "2011.05.24"]
[Round "5"]
[White "Mas Recorda, Pere"]
[Black "Carrey Abellan, Enric"]
[Result "1-0"]
[WhiteElo "2084"]
[BlackElo "1950"]
[PlyCount "71"]
[EventDate "2011.04.26"]
[EventType "swiss"]
[EventRounds "9"]
[EventCountry "ESP"]
[SourceTitle "EXT 2012"]
[Source "ChessBase"]
[SourceDate "2011.11.24"]
[SourceVersion "1"]
[SourceVersionDate "2011.11.24"]
[SourceQuality "1"]

1. d4 Nf6 2. c4 c5 3. e3 cxd4 4. exd4 d5 5. Nc3 e6 6. Nf3 Nc6 7. a3 b6 8. Bd3 Be7 9. 0-0 0-0 10. Bf4 dxc4 11. Bxc4 Bb7 12. Rc1 Rc8 13. Bd3 Nd5 14. Be3 Bf6 15. Bb1 Nce7 16. Qd3 g6 17. Ne4 Bg7 18. Rxc8 Bxc8 19. Bg5 h6 20. Be3 Bb7 21. Ng3 Nf6 22. Ne5 Qd5 23. f3 Qa5 24. Rc1 Ned5 25. Bd2 Qa6 26. Qb3 Ba8 27. Bd3 Qb7 28. Ne4 Rc8 29. Rxc8+ Qxc8 30. Nd6 Qc7 31. Ndxf7 g5 32. h4 Nf4 33. hxg5 Bd5 34. Qb5 hxg5 35. Nxg5 Nxd3 36. Qxd3 1-0